<?xml version="1.0" encoding="UTF-8"?>
<record
    xmlns:xsi="http://www.w3.org/2001/XMLSchema-instance"
    xsi:schemaLocation="http://www.loc.gov/MARC21/slim http://www.loc.gov/standards/marcxml/schema/MARC21slim.xsd"
    xmlns="http://www.loc.gov/MARC21/slim">

  <leader>01190nam a2200277   4500</leader>
  <controlfield tag="003">NUST</controlfield>
  <controlfield tag="005">20260511091913.0</controlfield>
  <controlfield tag="008">260416b        |||||||| |||| 00| 0 eng d</controlfield>
  <datafield tag="040" ind1=" " ind2=" ">
    <subfield code="a">NUST</subfield>
    <subfield code="b">eng</subfield>
    <subfield code="c">NUST</subfield>
    <subfield code="d">NUST</subfield>
    <subfield code="e">rda</subfield>
  </datafield>
  <datafield tag="050" ind1=" " ind2=" ">
    <subfield code="a">HD45GWE</subfield>
  </datafield>
  <datafield tag="100" ind1=" " ind2=" ">
    <subfield code="a">Gwede, Pretty.</subfield>
    <subfield code="e">Author.</subfield>
  </datafield>
  <datafield tag="245" ind1=" " ind2=" ">
    <subfield code="a">Uptake of Innovative Ideas by Harare Institute of Technology (HIT) Students for Industrial Development /</subfield>
    <subfield code="c">by Pretty Gwede.</subfield>
  </datafield>
  <datafield tag="260" ind1=" " ind2=" ">
    <subfield code="a">Bulawayo, Zimbabwe :</subfield>
    <subfield code="b">National University of Science and Technology ,</subfield>
    <subfield code="c">&#xA9;2018.</subfield>
  </datafield>
  <datafield tag="300" ind1=" " ind2=" ">
    <subfield code="a">xiv, 73 pages :</subfield>
    <subfield code="c">Illustrations ;</subfield>
    <subfield code="b">31 cm.</subfield>
  </datafield>
  <datafield tag="336" ind1=" " ind2=" ">
    <subfield code="2">rdacontent</subfield>
    <subfield code="a">text</subfield>
    <subfield code="b">txt</subfield>
  </datafield>
  <datafield tag="337" ind1=" " ind2=" ">
    <subfield code="2">rdamedia</subfield>
    <subfield code="a">unmediated</subfield>
    <subfield code="b">n</subfield>
  </datafield>
  <datafield tag="338" ind1=" " ind2=" ">
    <subfield code="2">rdacarrier</subfield>
    <subfield code="a">volume</subfield>
    <subfield code="b">nc</subfield>
  </datafield>
  <datafield tag="500" ind1=" " ind2=" ">
    <subfield code="a">A research project submitted to the National University of Science and Technology in partial fulfilment of the Master of Science degree in Records and Archives Management.</subfield>
  </datafield>
  <datafield tag="501" ind1=" " ind2=" ">
    <subfield code="00">m</subfield>
  </datafield>
  <datafield tag="504" ind1=" " ind2=" ">
    <subfield code="a">Includes bibliographical references.</subfield>
  </datafield>
  <datafield tag="650" ind1=" " ind2=" ">
    <subfield code="a">Innovation</subfield>
    <subfield code="z">Zimbabwe.</subfield>
  </datafield>
  <datafield tag="650" ind1=" " ind2=" ">
    <subfield code="a">Industrial development</subfield>
    <subfield code="x">Student projects.</subfield>
  </datafield>
  <datafield tag="650" ind1=" " ind2=" ">
    <subfield code="a">Technology transfer</subfield>
    <subfield code="x">Higher education.</subfield>
  </datafield>
  <datafield tag="700" ind1=" " ind2=" ">
    <subfield code="a">Dr Obert Wutete.</subfield>
    <subfield code="e">Supervisor.</subfield>
  </datafield>
  <datafield tag="942" ind1=" " ind2=" ">
    <subfield code="2">lcc</subfield>
    <subfield code="n">0</subfield>
    <subfield code="c">3HOUR</subfield>
    <subfield code="h">HD45GWE</subfield>
    <subfield code="k">HD</subfield>
    <subfield code="m">GWE</subfield>
  </datafield>
  <datafield tag="999" ind1=" " ind2=" ">
    <subfield code="c">172764</subfield>
    <subfield code="d">172764</subfield>
  </datafield>
  <datafield tag="952" ind1=" " ind2=" ">
    <subfield code="0">0</subfield>
    <subfield code="1">0</subfield>
    <subfield code="2">LCC</subfield>
    <subfield code="4">0</subfield>
    <subfield code="7">0</subfield>
    <subfield code="8">NFIC</subfield>
    <subfield code="a">MAIN</subfield>
    <subfield code="b">MAIN</subfield>
    <subfield code="c">Special  Collection</subfield>
    <subfield code="d">2026-04-16</subfield>
    <subfield code="e">NUST</subfield>
    <subfield code="g">15.00</subfield>
    <subfield code="l">0</subfield>
    <subfield code="o">HD45 GWE</subfield>
    <subfield code="p">92004052323</subfield>
    <subfield code="r">2026-04-16 16:24:00</subfield>
    <subfield code="t">SC22/1227</subfield>
    <subfield code="v">15.00</subfield>
    <subfield code="w">2026-04-16</subfield>
    <subfield code="y">3HOUR</subfield>
    <subfield code="z">Dissertation</subfield>
  </datafield>
</record>
